000 01115nam a2200229Ii 4500
003 JO-AjNU
005 20240623125326.0
008 230605s9999||||xx |||||||||||||| ||und||
040 _aJO-AjNU
_bara
_erda
_cJO-AjNU
041 _aara
100 _aالقضاة، مصطفى عبدالله احمد
_964725
_eمعد
245 _aتحليل العوامل المؤثرة على الأداء المالي في الشركات المساهمة العامة الصناعية الأردنية للفترة ( 2005-2011) / اعداد مصطفى عبدالله احمد القضاة؛ اشراف عبد الستار عبد الجبار الكبيسي
260 _c2013
300 _a128 ورقه
336 _atext
_btxt
_2rdacontent
337 _aunmediated
_bn
_2rdamedia
338 _avolume
_bnc
_2rdacarrier
500 _aرسالة جامعية ( دكتوراه ) - جامعة العلوم الإسلامية العالمية ، 2013
650 _vالشركات الصناعية-الاداء المالي
700 _aعبد الستار عبد الجبار الكبيسي
_964729
_eمشرف
942 _2lcc
_cTHS
999 _c32998
_d32998